Statistics for All County Seats in Florida

Click here to take the quiz!

General Stats

  • This quiz has been taken 11 times
  • The average score is 39 of 67

Answer Stats

CountyCounty Seat% Correct
DuvalJacksonville
89%
Miami-DadeMiami
89%
OrangeOrlando
89%
LeonTallahassee
89%
HillsboroughTampa
89%
BrowardFort Lauderdale
78%
AlachuaGainesville
78%
MonroeKey West
78%
OkeechobeeOkeechobee
78%
BayPanama City
78%
EscambiaPensacola
78%
SarasotaSarasota
78%
St. John'sSt. Augustine
78%
DeSotoArcadia
67%
PolkBartow
67%
ManateeBradenton
67%
PinellasClearwater
67%
CitrusInverness
67%
OsceolaKissimmee
67%
MadisonMadison
67%
Santa RosaMilton
67%
MarionOcala
67%
PutnamPalatka
67%
BrevardTitusville
67%
Palm BeachWest Palm Beach
67%
CalhounBlountstown
56%
LibertyBristol
56%
HernandoBrooksville
56%
WakullaCrawfordville
56%
DixieCross City
56%
PascoDade City
56%
CollierEast Naples
56%
NassauFernandina Beach
56%
LeeFort Myers
56%
St. LucieFort Pierce
56%
ClayGreen Cove Springs
56%
HamiltonJasper
56%
ColumbiaLake City
56%
JacksonMarianna
56%
LafayetteMayo
56%
JeffersonMonticello
56%
GulfPort St. Joe
56%
CharlottePunta Gorda
56%
HighlandsSebring
56%
BradfordStarke
56%
MartinStuart
56%
HardeeWauchula
56%
FranklinApalachicola
44%
HolmesBonifay
44%
FlaglerBunnell
44%
WashingtonChipley
44%
OkaloosaCrestview
44%
SuwanneeLive Oak
44%
BakerMacclenny
44%
GladesMoore Haven
44%
TaylorPerry
44%
GadsdenQuincy
44%
SeminoleSanford
44%
Indian RiverVero Beach
44%
LevyBronson
33%
SumterBushnell
33%
WaltonDeFuniak Springs
33%
VolusiaDeLand
33%
HendryLaBelle
33%
UnionLake Butler
33%
LakeTavares
33%
GilchristTrenton
33%

Score Distribution

Percentile by Number Answered

Percent of People with Each Score

Your Score History

You have not taken this quiz